Real Fábrica de Cristales (Record no. 1675)

MARC details
000 -CABECERA
campo de control de longitud fija 01209nam a2200265 a 4500
001 - NÚMERO DE CONTROL
campo de control BRCA_1902
005 - FECHA Y HORA DE LA ÚLTIMA TRANSACCIÓN
campo de control 20190320203609.0
008 - DATOS DE LONGITUD FIJA--INFORMACIÓN GENERAL
campo de control de longitud fija 060608s1991----sp-a---###---#000-0#spa-#
020 ## - NÚMERO INTERNACIONAL ESTÁNDAR DEL LIBRO
Número Internacional Estándar del Libro 8440487185
041 ## - CÓDIGO DE LENGUA
Código de lengua del texto/banda sonora o título independiente spa
044 ## - CÓDIGO DEL PAÍS DE LA ENTIDAD EDITORA/PRODUCTORA
Código MARC del país sp
050 #4 - SIGNATURA TOPOGRÁFICA DE LA BIBLIOTECA DEL CONGRESO
Número de clasificación NK5205.R4
Número de documento/Ítem .R43 1991
245 10 - MENCIÓN DE TÍTULO
Título Real Fábrica de Cristales
Resto del título La Granja, España = Manufacture Royale de Verre : La Granja, Espagne = Royal Glass Factory : La Granja, Spain.
260 ## - PUBLICACIÓN, DISTRIBUCIÓN, ETC.
Lugar de publicación, distribución, etc. España
Nombre del editor, distribuidor, etc. Fundación Centro Nacional del Vidrio, Real Fábrica de Cristales de La Granja
Fecha de publicación, distribución, etc. 1991
300 ## - DESCRIPCIÓN FÍSICA
Extensión 139 p.
Otras características físicas il. (algunas a color)
Dimensiones 30 cm.
500 ## - NOTA GENERAL
Nota general Título de cubierta: Royal Glass Factory : La Granja, Spain
500 ## - NOTA GENERAL
Nota general Catálogo de la exposición realizada en la Galerie Robert Heitz del Palais Rohan (Estrasburgo), 11 febrero - 10 marzo, 1991
546 ## - NOTA DE LENGUA/LENGUAJE
Nota de lengua/lenguaje Texto en : español, francés e inglés
610 24 - PUNTO DE ACCESO ADICIONAL DE MATERIA--NOMBRE DE ENTIDAD CORPORATIVA
Nombre de entidad corporativa o nombre de jurisdicción como elemento de entrada Fundación Centro Nacional del Vidrio
Subdivisión geográfica España
9 (RLIN) 5870
610 24 - PUNTO DE ACCESO ADICIONAL DE MATERIA--NOMBRE DE ENTIDAD CORPORATIVA
Nombre de entidad corporativa o nombre de jurisdicción como elemento de entrada Real Fábrica de Cristales de la Granja
Subdivisión general Historia
Subdivisión geográfica España
9 (RLIN) 5871
650 14 - PUNTO DE ACCESO ADICIONAL DE MATERIA--TÉRMINO DE MATERIA
Término de materia o nombre geográfico como elemento de entrada Vidrio ornamental
Subdivisión de forma Exposiciones
Subdivisión geográfica España
9 (RLIN) 5872
740 0# - PUNTO DE ACCESO ADICIONAL--TÍTULO RELACIONADO O ANALÍTICO NO CONTROLADO
Título relacionado o analítico no controlado Manufacture Royale de Verre : La Granja, Espagne
740 0# - PUNTO DE ACCESO ADICIONAL--TÍTULO RELACIONADO O ANALÍTICO NO CONTROLADO
Título relacionado o analítico no controlado Royal Glass Factory : La Granja, Spain
942 ## - ELEMENTOS DE PUNTO DE ACCESO ADICIONAL (KOHA)
Fuente del sistema de clasificación o colocación Library of Congress Classification
Tipo de ítem Koha Libros
Holdings
Estado de retiro Estado de pérdida Estado dañado No para préstamo Localización permanente Ubicación/localización actual Fecha de adquisición Total de préstamos Signatura topográfica completa Código de barras Fecha visto por última vez Precio válido a partir de Tipo de ítem Koha
El ejemplar forma parte de la colección y puede ser consultado según las políticas vigentes.       Biblioteca del Museo Franz Mayer (Rogerio Casas-Alatriste) Biblioteca del Museo Franz Mayer (Rogerio Casas-Alatriste) 30/07/2008   NK5205.R4 .R43 1991 01407 22/03/2019 22/03/2019 Libros
El ejemplar forma parte de la colección y puede ser consultado según las políticas vigentes.       Biblioteca del Museo Franz Mayer (Rogerio Casas-Alatriste) Biblioteca del Museo Franz Mayer (Rogerio Casas-Alatriste) 03/11/2010   NK5205.R4 .R43 1991 5127 22/03/2019 22/03/2019 Libros